00521 a2200157 4500001000700000020000600007040001100013100003600024240008000060245007500140362000900215697001100224942000700235952010200242999001900344167777 a  cMagnum aBarros, Aidil Jesus da Silveira10aFundamentos de metodologia cientifica: um guia para a iniciacao cient.lpor10aFundamentos de metodologia cientifica: um guia para a iniciacao cient.0 a1899 aENSINO cBK 00104070a32.5b32.5d2024-06-08l0oLI.05979pMAG00012211r2024-06-08 20:40:23w2024-06-08yBK c167777d167777